Gaming Quiz

Random Gaming Quiz

Metal Gear Solid Peace Walker AI's weapo Quiz Stats

 Plays Quiz not verified by Sporcle

Score 0/22 Timer 10:00
0 Plays Today
AI weapons % Correct
ChrysalisRail gun
85.7%
CocoonMissiles
42.9%
Peace WalkerNuke
42.9%
Peace WalkerMissiles
42.9%
ChrysalisMissiles
42.9%
ChrysalisChain gun
40%
Pupamines
37.1%
Pupamachine guns
34.3%
CocoonMachine Guns
34.3%
Peace WalkerDrill Missiles
25.7%
CocoonChainsaw
17.1%
AI weapons % Correct
Pupatreads
14.3%
CocoonRamming you
11.4%
Peace WalkerFlamethrowers
11.4%
ChrysalisKidnappers
8.6%
Peace WalkerFreeze Ray
8.6%
Pupaelectro shock units
5.7%
CocoonMain Cannon
5.7%
CocoonGun Port
0%
CocoonCluster Bombs
0%
Peace WalkerSmash you into the ground
0%
Peace WalkerRunning You over
0%

You're not logged in!

Compare scores with friends on all Sporcle quizzes.
OR
Log In

Show Comments

Extras

Top Quizzes Today


Score Distribution

Your Account Isn't Verified!

In order to create a playlist on Sporcle, you need to verify the email address you used during registration. Go to your Sporcle Settings to finish the process.

Report this User

Report this user for behavior that violates our Community Guidelines.

Details: